Mistrzowie LaLiga - Statystyki

Ogólne statystyki
  • Ten quiz został rozwiązany 1 384 razy
  • Średni wynik to 7 z 9
Statystyki odpowiedzi
Miejsce Drużyna Liczba mistrzostw % Poprawnych
2 FC Barcelona 27
100%
1 Real Madryt 36
100%
3 Atlético Madryt 11
96%
4 Athletic Bilbao 8
79%
5 Valencia CF 6
73%
8 Sevilla FC 1
71%
9 Real Betis 1
67%
6 Real Sociedad 2
58%
7 Deportivo La Coruña 1
41%
Nie znaleziono quizów pasujących do podanych kryteriów
Rozkład punktacji
Procent ludzi z każdym wynikiem
Percentyl według liczby udzielonych odpowiedzi
Twoja historia wyników
Nie rozwiązałeś tego quizu